000 00538cam a22001933a 4500
020 _a0590483080
040 _cSCR
082 _a813 SCH 1994 A094 Or.
100 1 _aMartin, Ann M.,
245 1 0 _aHere come the bridesmaids! /
260 _aNew York :
_bScholastic,
_cc1994.
300 _a231 p. :
_bill. ;
_c20 cm.
490 1 _aBaby-sitters Club super special ;
500 _a"An Apple paperback."
650 0 _aBabysitters
650 0 _aBabysitters
710 2 _aCopyright Paperback Collection (Library of Congress)
942 _cEK
999 _c12717
_d12717